000
00331nam a22001457a 4500
008
210527b ||||| |||| 00| 0 eng d
020
_a
9780393283402
041
_a
eng
080
_2
7th
_a
94
082
_a
94
100
_a
16
101
_a
SHH
245
_a
Essentials of International Relations
_c
Mingst,K.A
942
_2
udc
_c
BK
999
_c
57736
_d
57736